[Event "Moia op 8th"]
[Site "Moia"]
[Date "2019.11.01"]
[Round "5.7"]
[White "Riera Sevillano, David"]
[Black "Puignero Vilaro, Marc"]
[Result "0-1"]
[WhiteElo "1700"]
[BlackElo "1512"]
[PlyCount "104"]
[EventDate "2019.09.20"]
[EventType "swiss"]
[EventRounds "8"]
[EventCountry "ESP"]
[SourceTitle "EXT 2024"]
[Source "ChessBase"]
[SourceDate "2023.10.10"]
[SourceVersion "1"]
[SourceVersionDate "2023.10.10"]
[SourceQuality "1"]

1. d4 Nf6 2. c4 g6 3. Nc3 Bg7 4. e4 d6 5. Nf3 0-0 6. Qc2 Nbd7 7. Be2 b6 8. h3 c5 9. Be3 cxd4 10. Nxd4 Bb7 11. Rd1 Nc5 12. e5 Nfe4 13. Nf3 Nxc3 14. bxc3 Be4 15. Qc1 Qc7 16. exd6 exd6 17. 0-0 Ne6 18. Nd4 Rad8 19. Nb5 Qb8 20. Qa3 Nc5 21. Bd4 a6 22. Bxg7 Kxg7 23. Nd4 Rfe8 24. Rfe1 Qb7 25. f3 Bd3 26. Bxd3 Rxe1+ 27. Rxe1 Nxd3 28. Rd1 Nc5 29. Qb2 Re8 30. Qf2 Qe7 31. Nc6 Qe3 32. Rxd6 Qe1+ 33. Qxe1 Rxe1+ 34. Kf2 Ra1 35. Nb4 a5 36. Nd5 Rxa2+ 37. Kg3 Na4 38. Nxb6 Nxc3 39. Rd7 a4 40. c5 a3 41. Rd3 Rc2 42. Rd8 a2 43. Ra8 Nb5 44. Nd7 Nd4 45. Kf4 Nb3 46. Ke5 a1Q+ 47. Rxa1 Nxa1 48. Kd6 Rd2+ 49. Ke7 Nb3 50. c6 Rc2 51. Kd6 Na5 52. c7 Nb7+ 0-1

[Event "Moia op 8th"]
[Site "Moia"]
[Date "2019.10.25"]
[Round "4.11"]
[White "Ges Gomis, Guillem"]
[Black "Riera Sevillano, David"]
[Result "0-1"]
[WhiteElo "1589"]
[BlackElo "1700"]
[PlyCount "64"]
[EventDate "2019.09.20"]
[EventType "swiss"]
[EventRounds "8"]
[EventCountry "ESP"]
[SourceTitle "EXT 2024"]
[Source "ChessBase"]
[SourceDate "2023.10.10"]
[SourceVersion "1"]
[SourceVersionDate "2023.10.10"]
[SourceQuality "1"]

1. e4 e5 2. Nf3 Nc6 3. d4 exd4 4. Nxd4 Bc5 5. Nb3 Bb6 6. Qe2 d6 7. Nc3 Nf6 8. Be3 0-0 9. 0-0-0 Be6 10. f3 Re8 11. g4 Bxg4 12. fxg4 Nxe4 13. Nd5 Bxe3+ 14. Qxe3 Rc8 15. Re1 Re5 16. Bg2 Nc5 17. Qd2 Nxb3+ 18. axb3 Qh4 19. Rxe5 Nxe5 20. h3 c6 21. Ne3 d5 22. Nf5 Qf6 23. Rf1 Re8 24. Qb4 b6 25. Qf4 a5 26. Qf2 a4 27. Qxb6 axb3 28. Qxb3 Nc4 29. h4 Ra8 30. c3 Qe5 31. Rd1 Ra1+ 32. Kc2 Qe2+ 0-1